| 000 | 00345nam a2200133Ia 4500 | ||
|---|---|---|---|
| 008 | 220120s9999||||xx |||||||||||||| ||und|| | ||
| 020 | _a9788120341128 | ||
| 082 | _a670 | ||
| 100 | _aHMT Bangalore | ||
| 245 | 0 | _aProduction technology | |
| 260 |
_aTata mcgraw hill company Ltd. _bNew Delhi _c2010 |
||
| 300 |
_a514p. _b350 |
||
| 650 | _aMECHANICAL | ||
| 999 |
_c132759 _d132759 |
||